000 00486nam a22001577a 4500
005 20251108164112.0
008 250721s1970 xx 000 0 ara d
082 1 4 _a301/قيس
100 1 _aالنوري، قيس
245 1 0 _aطبيعة المجتمع البشري في ضوء الأنثروبولوجية الإجتماعية /
264 1 _aبغداد :
_bجامعة بغداد،
_c1970.
300 _a
650 1 7 _aعلم الإجتماع
942 _2ddc
_cBK
999 _c3651
_d3651